MARC

Tag First Indicator Second Indicator Subfields
LEADER 00000cam a22000004a 4500
001 in00003400613
005 20190405203812.0
006 m o d
007 cr |||||||nn|n
008 091102s2010 dcu o d eng d
010 |z  2009046095 
020 |a 9780813212203 
020 |z 9780813201207 (cloth : alk. paper) 
020 |z 0813201209 (cloth : alk. paper) 
035 |a (MdBmJHUP)muse9780813212203 
040 |a MdBmJHUP  |c MdBmJHUP  |d UtOrBLW 
041 1 |a eng  |h lat  |h grc 
050 0 0 |a BR65.O68  |b P3613 2010 
082 0 0 |a 270.1092  |2 22 
100 0 |a Pamphilus,  |c Presbyter of Caesarea,  |d active 3rd/4th century. 
240 1 0 |a Apologia pro Origene.  |l English 
245 1 0 |a Apology for Origen /  |c St. Pamphilus. With the letter of Rufinus on the falsification of the books of Origen ; translated by Thomas P. Scheck. 
264 1 |a Washington, D.C. :  |b Catholic University of America Press,  |c [2010] 
264 4 |c ©2010 
300 |a 1 online resource (xv, 149 pages ) 
336 |a text  |b txt  |2 rdacontent 
337 |a computer  |b c  |2 rdamedia 
338 |a online resource  |b cr  |2 rdacarrier 
490 1 |a The Fathers of the church ;  |v v. 120 
504 |a Includes bibliographical references and indexes. 
588 |a Description based on print version record. 
500 |a Electronic resource. 
600 0 0 |a Origen  |v Early works to 1800. 
655 7 |a Electronic books.  |2 local 
700 0 2 |a Rufinus,  |c of Aquileia,  |d 345-410.  |t De adulteratione librorum Origenis.  |l English. 
700 0 |a Rufinus,  |c of Aquileia,  |d 345-410. 
700 1 |a Scheck, Thomas P.,  |d 1964- 
830 0 |a Fathers of the church ;  |v v. 120. 
856 4 0 |u http://proxy.library.tamu.edu/login?url=http://muse.jhu.edu/books/9780813212203/  |z Connect to the full text of this electronic book  |t 0 
999 |a MARS 
999 f f |s 91127c00-e760-39a2-8000-c15aadf65224  |i f3cf5abf-9c18-3e1a-9b80-540f10c491a8  |t 0 
952 f f |a Texas A&M University  |b College Station  |c Electronic Resources  |d Available Online  |t 0  |e BR65.O68 P3613 2010  |h Library of Congress classification 
998 f f |a BR65.O68 P3613 2010  |t 0  |l Available Online